|
|
|
|
| LEADER |
01259nam a22002652a 4500 |
| 001 |
000740099 |
| 003 |
CZ BrMZK |
| 005 |
20041005070733.0 |
| 007 |
ta |
| 008 |
041005s1978 xr er|||||||||||cze d |
| 015 |
|
|
|a cnb000416653
|
| 040 |
|
|
|a ABA001
|b cze
|c CBA001
|d ABA001
|d BOA001
|
| 080 |
9 |
|
|a 943.7"1918.10.28":07(437) "1918/1938"(083.81)
|2 undef
|
| 100 |
1 |
|
|a Kubíček, Jaromír,
|d 1938-
|7 jn20000401527
|4 edt
|
| 245 |
1 |
0 |
|a Vznik ČSR - 28. říjen 1918 :
|b ohlas výročí vzniku ČSR v moravském komunistickém tisku z let 1918-1938 : [bibliogr. s fot. dokumenty] /
|c zprac. Jaromír Kubíček
|
| 260 |
|
|
|a Brno :
|b Státní vědecká knihovna,
|c 1978
|
| 300 |
|
|
|a 25, [1] s. :
|b 17 fot. příl. ;
|c 4°
|
| 490 |
1 |
|
|a Výběrové seznamy Státní vědecké knihovny v Brně ;
|v č. 217
|
| 500 |
|
|
|a Seznam excerpovaných novin a čas.
|
| 500 |
|
|
|a Dostupné též v digitální podobě v aplikaci Kramerius
|
| 830 |
|
0 |
|a Výběrové seznamy Státní vědecké knihovny v Brně
|
| 856 |
4 |
1 |
|u http://www.digitalniknihovna.cz/mzk/uuid/uuid:a71550b0-d20c-11e4-97af-005056827e51
|y Digitalizovaný dokument
|x NDK
|
| 910 |
|
|
|a BOA001
|b PK-N-0019.551
|
| 990 |
|
|
|a BK
|
| 996 |
7 |
|
|b 3119651721
|c PK-N-0019.551
|l MZK
|r Sklad / do 1 hodiny
|n 4
|w 000740099
|u 000010
|a 1
|e BOA001
|j MZK50
|s A
|